Seeking Allah, finding Jesus : (Record no. 10946)

MARC details
000 -LEADER
fixed length control field 00548nam a22001937a 4500
003 - CONTROL NUMBER IDENTIFIER
control field GBCCL
005 - DATE AND TIME OF LATEST TRANSACTION
control field 20251021132154.0
008 - FIXED-LENGTH DATA ELEMENTS--GENERAL INFORMATION
fixed length control field 251021b |||||||| |||| 00| 0 eng d
020 ## - INTERNATIONAL STANDARD BOOK NUMBER
International Standard Book Number 9780310515029
040 ## - CATALOGING SOURCE
Transcribing agency GBC
082 ## - DEWEY DECIMAL CLASSIFICATION NUMBER
Classification number 248.246092
Item number QUR 1
100 ## - MAIN ENTRY--PERSONAL NAME
Personal name Qureshi, Nabeel
245 ## - TITLE STATEMENT
Title Seeking Allah, finding Jesus :
Remainder of title a devout Muslim encounters Christianity
260 ## - PUBLICATION, DISTRIBUTION, ETC.
Place of publication, distribution, etc. Grabd Rapids :
Name of publisher, distributor, etc. Zondervan,
Date of publication, distribution, etc. 2014
300 ## - PHYSICAL DESCRIPTION
Extent 296p. ;
600 ## - SUBJECT ADDED ENTRY--PERSONAL NAME
Personal name Qureshi, Nabeel
650 ## - SUBJECT ADDED ENTRY--TOPICAL TERM
Topical term or geographic name entry element Christian onverts from Islam
Form subdivision Biography
942 ## - ADDED ENTRY ELEMENTS (KOHA)
Source of classification or shelving scheme Dewey Decimal Classification
Koha item type Books
Suppress in OPAC No
Holdings
Withdrawn status Lost status Source of classification or shelving scheme Damaged status Not for loan Home library Current Library Shelving location Date acquired Cost, normal purchase price Total checkouts Full call number Barcode Date last seen Copy number Price effective from Koha item type
    Dewey Decimal Classification     GRACE BIBLE COLLEGE GRACE BIBLE COLLEGE Ministry & Mission 2025-10-21 300.00   248.246092 QUR 017181 2025-10-21 c.1 2025-10-21 Books
© Grace Bible College Library 2025